| 000 | 01059nas a2200349 4500 | ||
|---|---|---|---|
| 001 | BR0604514 | ||
| 003 | BR-BrBNA | ||
| 005 | 20231205110428.0 | ||
| 007 | ta | ||
| 008 | 230509b bl.|||p| |||| 00| 00por d | ||
| 040 |
_aBR-BrBNA _bpor _cBiblioteca Nacional de Agricultura |
||
| 041 | _a(Pt) | ||
| 072 | _aQ54 | ||
| 100 | 1 | _aNunes, R.V. | |
| 100 | 1 | _aRostagno, H.S. | |
| 100 | 1 | _aGomes, P.C. | |
| 100 | 1 | _aNunes, C.G.V. | |
| 100 | 1 | _aAlbino, L.F.T. | |
| 100 | 1 | _aPozza, P.C. | |
| 100 | 1 | _aDionizio, M.A. | |
| 100 | 1 | _aAraújo, M.S. de | |
| 245 | 1 | _aValores energéticos de diferentes alimentos de origem animal para aves | |
| 650 | _aFRANGO DE CORTE | ||
| 650 | _aNUTRIÇÃO ANIMAL | ||
| 650 | _aPRODUTO DE ORIGEM ANIMAL | ||
| 650 | _aVALOR NUTRITIVO | ||
| 650 | _aDIGESTIBILIDADE APARENTE | ||
| 650 | _aCOMPOSIÇÃO DE ALIMENTO | ||
| 773 | 0 |
_tRevista Brasileira de Zootecnia (Brazil) _xISSN 1516-3598 _g(Jul-Aug 2006), v. 35(4)Suplemento p. 1752-1757 _wBR0604514 |
|
| 909 |
_a202311 _bLúcia _c55 _dLúcia Elande |
||
| 942 |
_2AGRIS _n0 _cANA |
||
| 999 |
_c187358 _d187358 |
||